Geography of Argentina - Statistics

General Stats
  • This quiz has been taken 1,273 times
    1,026 since last reset
  • The average score is 13 of 20
Answer Stats
Question Answer % Correct
What is the capital city of Argentina? Buenos Aires
99%
What region consists of southern Argentina and southern Chile? Patagonia
93%
What islands are called the Islas Malvinas by Argentinians? Falkland Islands
91%
What object is depicted on the flag of Argentina? Sun of May
91%
What island chain is located on the far south of Argentina? Tierra del {Fuego}
89%
On what major river estuary is the Argentinian capital located? Río de la {Plata}
87%
What is the name of the region of fertile grasslands in Uruguay, Argentina, and Brazil? The Pampas
76%
What massive waterfalls are found on the border of Argentina and Brazil? Iguazú Falls
74%
What Argentinian mountain contains the highest peak in the Western Hemisphere? Aconcagua
68%
Which two cities are considered to be the second-biggest cities in Argentina? Córdoba
67%
What massive region is Argentina one of the seven countries to claim? Antarctica
66%
Which two cities are considered to be the second-biggest cities in Argentina? Rosario
61%
What language has the second-most native speakers in Argentina after Spanish? Italian
59%
Which two major rivers, both starting with P, join together near the city of Corrientes? Paraná
59%
What is the southernmost city in Argentina, as well as the capital of the above? Ushuaia
54%
What Argentinian city is one of world's "Great Wine Capitals"? Mendoza
51%
What river makes Argentina's border with Uruguay and Brazil? Uruguay River
43%
Which two major rivers, both starting with P, join together near the city of Corrientes? Paraguay
40%
What salt lake is home to the lowest point in the Americas? (hint: Spanish for "coal") Laguna del {Carbón}
35%
What semiarid lowland plains region covers much of central-northern Argentina? Gran {Chaco}
22%
No matching quizzes found
Score Distribution
Percent of People with Each Score
Percentile by Number Answered
Your Score History
You have not taken this quiz since the last reset